Shariʻa Law and Society : (Record no. 17572)

MARC details
000 -LEADER
fixed length control field 01343cam a2200349 a 4500
001 - CONTROL NUMBER
control field 12228174
003 - CONTROL NUMBER IDENTIFIER
control field BDDh-ASL
005 - DATE AND TIME OF LATEST TRANSACTION
control field 20240117062541.0
008 - FIXED-LENGTH DATA ELEMENTS--GENERAL INFORMATION
fixed length control field 170223s1999 bg | b 001 0 eng
010 ## - LIBRARY OF CONGRESS CONTROL NUMBER
LC control number 99934878
Canceled/invalid LC control number 99461708
020 ## - INTERNATIONAL STANDARD BOOK NUMBER
International Standard Book Number 9843104056
025 ## - OVERSEAS ACQUISITION NUMBER
Overseas acquisition number B-E-99-934878; 04; 21
035 ## - SYSTEM CONTROL NUMBER
System control number (DLC) 99934878
037 ## - SOURCE OF ACQUISITION
Source of stock number/acquisition Library of Congress -- New Delhi Field Office
Terms of availability Tk500.00 ($25.00 U.S.)
040 ## - CATALOGING SOURCE
Original cataloging agency DLC
Transcribing agency BDDh-ASL
Modifying agency BDDh-ASL
042 ## - AUTHENTICATION CODE
Authentication code lcode
043 ## - GEOGRAPHIC AREA CODE
Geographic area code az-----
050 00 - LIBRARY OF CONGRESS CALL NUMBER
Classification number KNC156
Item number .S47 1999
082 00 - DEWEY DECIMAL CLASSIFICATION NUMBER
Classification number 348.97
Item number SES
100 1# - MAIN ENTRY--PERSONAL NAME
Personal name Serajuddin, Alamgir Muhammad.
9 (RLIN) 334
245 10 - TITLE STATEMENT
Title Shariʻa Law and Society :
Remainder of title Tradition and change in the Indian subcontinent /
Statement of responsibility, etc. Alamgir Muhammad Serajuddin.
260 ## - PUBLICATION, DISTRIBUTION, ETC.
Place of publication, distribution, etc. Dhaka :
Name of publisher, distributor, etc. Asiatic Society of Bangladesh,
Date of publication, distribution, etc. 1999.
300 ## - PHYSICAL DESCRIPTION
Extent xiv, 388 p. :
Dimensions 25 cm.
440 ## - SERIES STATEMENT/ADDED ENTRY--TITLE
Title Asiatic Society of Bangladesh publication:
Volume/sequential designation no. 79
9 (RLIN) 312
500 ## - GENERAL NOTE
General note Includes bibliographical index
504 ## - BIBLIOGRAPHY, ETC. NOTE
Bibliography, etc. note Includes bibliographical references (p. [356]-377) and index.
650 #0 - SUBJECT ADDED ENTRY--TOPICAL TERM
Topical term or geographic name entry element Domestic relations (Islamic law)
Geographic subdivision South Asia.
-- India
-- Bangladesh
General subdivision Religion
9 (RLIN) 335
710 1# - ADDED ENTRY--CORPORATE NAME
Corporate name or jurisdiction name as entry element Asiatic Society of Bangladesh.
9 (RLIN) 11
906 ## - LOCAL DATA ELEMENT F, LDF (RLIN)
a 7
b cbc
c origode
d 2
e ncip
f 19
g y-gencatlg
942 ## - ADDED ENTRY ELEMENTS (KOHA)
Source of classification or shelving scheme Dewey Decimal Classification
Koha item type Books
Holdings
Withdrawn status Lost status Source of classification or shelving scheme Damaged status Not for loan Collection code Home library Current library Shelving location Date acquired Source of acquisition Serial Enumeration / chronology Total Checkouts Full call number Barcode Date last seen Copy number Price effective from Koha item type Public note
    Dewey Decimal Classification     Non-fiction Asiatic Society Library Asiatic Society Library ASB Publications 02/23/2017 ASB Publications ASP-079   348.97 SES 100408 02/23/2017 C-1 02/23/2017 Books RARE
    Dewey Decimal Classification     Non-fiction Asiatic Society Library Asiatic Society Library General Stacks 02/23/2017 ASB Publications ASP-079   348.97 SES 100409 02/23/2017 C-2 02/23/2017 Books RARE
    Dewey Decimal Classification     Non-fiction Asiatic Society Library Asiatic Society Library General Stacks 02/23/2017 ASB Publications ASP-079   348.97 SES 100410 02/23/2017 C-3 02/23/2017 Books RARE
    Dewey Decimal Classification     Non-fiction Asiatic Society Library Asiatic Society Library General Stacks 02/23/2017 ASB Publications ASP-079   348.97 SES 100411 02/23/2017 C-4 02/23/2017 Books RARE
    Dewey Decimal Classification     Non-fiction Asiatic Society Library Asiatic Society Library General Stacks 02/23/2017 ASB Publications ASP-079   348.97 SES 100412 02/23/2017 C-5 02/23/2017 Books RARE
    Dewey Decimal Classification     Non-fiction Asiatic Society Library Asiatic Society Library General Stacks 01/23/2021 ASB Publications ASP-079   348.97 SES 104645 01/23/2021 C-6 01/23/2021 Books RARE
    Dewey Decimal Classification     Non-fiction Asiatic Society Library Asiatic Society Library General Stacks 01/23/2021 ASB Publications ASP-079   348.97 SES 104647 01/23/2021 C-7 01/23/2021 Books RARE
    Dewey Decimal Classification     Non-fiction Asiatic Society Library Asiatic Society Library General Stacks 01/23/2021 ASB Publications ASP-079   348.97 SES 104648 01/23/2021 C-8 01/23/2021 Books RARE
    Dewey Decimal Classification     Non-fiction Asiatic Society Library Asiatic Society Library General Stacks 01/23/2021 ASB Publications ASP-079   348.97 SES 104649 01/23/2021 C-9 01/23/2021 Books RARE
    Dewey Decimal Classification     Non-fiction Asiatic Society Library Asiatic Society Library General Stacks 01/23/2021 ASB Publications ASP-079   348.97 SES 104650 01/23/2021 C-10 01/23/2021 Books RARE
    Dewey Decimal Classification     Non-fiction Asiatic Society Library Asiatic Society Library General Stacks 01/23/2021 ASB Publications ASP-079   348.97 SES 104651 01/23/2021 C-11 01/23/2021 Books RARE

Powered by Koha